|
|
|
|
| LEADER |
01173nam a2200253 a 4500 |
| 001 |
GR-Patra20302 |
| 008 |
030506s1991 gr e 000 0 gre d |
| 020 |
|
|
|a 9607026918
|
| 040 |
|
|
|a GrPaTEI
|b gre
|c GR-PaULI
|
| 041 |
1 |
|
|a gre
|h eng
|
| 082 |
|
0 |
|a 751.4
|2 21
|
| 100 |
1 |
|
|a Parramon, Jose Maria
|
| 245 |
1 |
0 |
|a Φως και σκιά στη ζωγραφική /
|c Χοσέ Μ. Παρραμόν ; μετάφραση Αλέξανδρος Μαμωνίδης.
|
| 260 |
|
|
|a Αθήνα :
|b Ντουντούμης,
|c c1991
|
| 300 |
|
|
|a 112 σ. :
|b εικ. ;
|c 26 εκ.
|
| 500 |
|
|
|a Τμήμα Ανακαίνισης και Αποκατάστασης Κτιρίων: 29286
|
| 610 |
2 |
4 |
|a Τμήμα Ανακαίνισης και Αποκατάστασης Κτιρίων
|
| 650 |
|
4 |
|a Ζωγραφική
|x Τεχνική
|
| 700 |
1 |
|
|a Μαμωνίδης, Αλέξανδρος
|
| 710 |
0 |
|
|a Ντουντούμη
|
| 942 |
|
|
|2 ddc
|
| 952 |
|
|
|0 0
|1 0
|2 ddc
|4 0
|6 751_400000000000000_PAR
|7 1
|9 300820
|a LISK
|b LISK
|c BSC
|d 2021-01-17
|e 24
|f 0
|g 0.00
|l 0
|o 751.4 PAR
|p 92410029286
|r 2021-01-17 00:00:00
|t 1
|w 2021-01-17
|y BKN
|x 20061023 0 0
|x GrPaTEI
|
| 971 |
|
|
|a .b26678743
|b 16-04-20
|c 26-09-16
|
| 999 |
|
|
|c 174858
|d 174858
|